[Event "18. Obert Int. Sant Marti 2016"]
[Site "Barcelona ESP"]
[Date "2016.07.15"]
[Round "3.15"]
[White "Swayams, Mishra"]
[Black "Bannink, Bernard"]
[Result "1-0"]
[WhiteElo "2457"]
[BlackElo "2232"]
[PlyCount "173"]
[EventDate "2016.07.13"]
[EventType "swiss"]
[EventRounds "9"]
[EventCountry "ESP"]
[SourceTitle "Ajedrez en Madrid"]
[Source "lmi"]
[SourceDate "2016.07.13"]
[SourceVersion "1"]
[SourceVersionDate "2019.06.21"]
[SourceQuality "1"]

1. d4 d5 2. c4 c6 3. Nf3 Nf6 4. Nc3 dxc4 5. a4 Bf5 6. Ne5 Na6 7. e4 Nxe4 8.
Bxc4 e6 9. g4 Nxc3 10. bxc3 Be4 11. O-O Nc7 12. Qe2 Bd5 13. Bd3 f6 14. Nc4 Bxc4
15. Bxc4 Bd6 16. Rb1 Rb8 17. Re1 O-O 18. Bxe6+ Nxe6 19. Qxe6+ Kh8 20. h4 Re8
21. Qxe8+ Qxe8 22. Rxe8+ Rxe8 23. Be3 b6 24. Kg2 Kg8 25. Kf3 Kf7 26. c4 g6 27.
a5 bxa5 28. c5 Rb8 29. Ra1 Bc7 30. Bd2 Ke6 31. Bxa5 Bxa5 32. Rxa5 Rb7 33. Ke3
f5 34. gxf5+ gxf5 35. Kf4 Rb4 36. Ke3 Rb3+ 37. Kf4 Rb4 38. Ke3 Rb3+ 39. Kd2 Kd5
40. Rxa7 Kxd4 41. Rxh7 Rb2+ 42. Ke1 f4 43. h5 Rc2 44. Rh8 Rxc5 45. Ke2 Ke5 46.
Kf3 Kf6 47. Kg4 Rg5+ 48. Kxf4 Rf5+ 49. Kg4 Rg5+ 50. Kh4 Rg1 51. Rh6+ Kf5 52.
Rxc6 Rh1+ 53. Kg3 Rg1+ 54. Kf3 Rg8 55. h6 Rh8 56. Ra6 Kg5 57. Ke4 Re8+ 58. Kd5
Re2 59. Kd4 Kf5 60. Ra1 Re4+ 61. Kd3 Rh4 62. Ra5+ Kg6 63. Ra6+ Kg5 64. Ke3 Kf5
65. Kf3 Kg5 66. Rb6 Rf4+ 67. Kg2 Rg4+ 68. Kf1 Rh4 69. Ra6 Kf5 70. f3 Kg5 71.
Kf2 Kf5 72. Kg3 Rh1 73. Ra2 Kg5 74. Ra6 Kf5 75. Ra4 Kg6 76. Rg4+ Kf5 77. Rh4
Rg1+ 78. Kf2 Rg8 79. h7 Rh8 80. Kg3 Kg5 81. Rh1 Kg6 82. Kg4 Kf6 83. Rh6+ Kf7
84. Kg5 Kg7 85. Rg6+ Kf7 86. Kh6 Kf8 87. Rg7 1-0

[Event "18. Obert Int. Sant Marti 2016"]
[Site "Barcelona ESP"]
[Date "2016.07.15"]
[Round "3.16"]
[White "Chernyak, Viktoria"]
[Black "Aguero Jimenez, Luis Lazaro"]
[Result "1/2-1/2"]
[WhiteElo "2186"]
[BlackElo "2415"]
[PlyCount "101"]
[EventDate "2016.07.13"]
[EventType "swiss"]
[EventRounds "9"]
[EventCountry "ESP"]
[SourceTitle "Ajedrez en Madrid"]
[Source "lmi"]
[SourceDate "2016.07.13"]
[SourceVersion "1"]
[SourceVersionDate "2019.06.21"]
[SourceQuality "1"]

1. Nf3 Nf6 2. c4 c5 3. Nc3 b6 4. g3 Bb7 5. Bg2 e6 6. O-O Be7 7. Re1 O-O 8. e4
d6 9. d4 cxd4 10. Nxd4 Qc8 11. Be3 Nc6 12. Rc1 Ne5 13. Qe2 Nfg4 14. Bd2 Qxc4
15. Nd5 Qxd4 16. Nxe7+ Kh8 17. Rc7 Ba6 18. Bc3 Qa4 19. Qd1 Qxd1 20. Rxd1 Be2
21. Rxd6 Nf3+ 22. Bxf3 Bxf3 23. e5 f6 24. Nc6 Nxe5 25. Bxe5 Bxc6 26. Rdxc6 fxe5
27. Rxe6 Rad8 28. Rxa7 h6 29. Rxe5 Rd1+ 30. Kg2 Rd2 31. h4 Rxb2 32. Kh3 Rbxf2
33. Ree7 Rg8 34. h5 Rf5 35. g4 Rg5 36. a4 Rd8 37. Re4 Ra5 38. Rb7 Ra6 39. Ree7
Rg8 40. Re4 Rga8 41. g5 hxg5 42. Kg4 Rxa4 43. Rxa4 Rxa4+ 44. Kxg5 Ra1 45. Rxb6
Rg1+ 46. Kh4 Rh1+ 47. Kg5 Rg1+ 48. Kf5 Kh7 49. Ra6 Rg2 50. Rb6 Rg1 51. Ra6
1/2-1/2

[Event "18. Obert Int. Sant Marti 2016"]
[Site "Barcelona ESP"]
[Date "2016.07.15"]
[Round "3.17"]
[White "Valdes Romero, Leonardo"]
[Black "Yashas, D.."]
[Result "1/2-1/2"]
[WhiteElo "2411"]
[BlackElo "2201"]
[PlyCount "98"]
[EventDate "2016.07.13"]
[EventType "swiss"]
[EventRounds "9"]
[EventCountry "ESP"]
[SourceTitle "Ajedrez en Madrid"]
[Source "lmi"]
[SourceDate "2016.07.13"]
[SourceVersion "1"]
[SourceVersionDate "2019.06.21"]
[SourceQuality "1"]

1. Nf3 Nf6 2. g3 d5 3. Bg2 c6 4. O-O Nbd7 5. d4 e6 6. b3 Be7 7. c4 O-O 8. Qc2
b6 9. Rd1 Ba6 10. a4 Rc8 11. a5 c5 12. axb6 Qxb6 13. Qa2 Bb7 14. Ba3 Rfe8 15.
e3 Ne4 16. Nfd2 Nxd2 17. Nxd2 dxc4 18. Nxc4 Qc7 19. Bxb7 Qxb7 20. dxc5 Nxc5 21.
Bxc5 Bxc5 22. Rd3 Red8 23. Rad1 Rxd3 24. Rxd3 h6 25. Qd2 Be7 26. Qd1 Rc7 27. h4
Qc6 28. Rd4 Bf6 29. Rd2 Be7 30. Kh2 Qb7 31. Rd3 Qc6 32. Rd4 Bf6 33. Rd6 Qb7 34.
Rd3 Be7 35. Rd2 Qc6 36. Ra2 Qb7 37. Rd2 Qc6 38. Qh5 Qb7 39. Qa5 Qc6 40. Rd4 Rb7
41. Rd3 Qe4 42. Qd2 Qf5 43. Kg1 Qb5 44. Qc3 Rc7 45. Qd2 Qb7 46. Qd1 Qc6 47. Rd4
Bf6 48. Rd3 Be7 49. Rd4 Bf6 1/2-1/2

[Event "18. Obert Int. Sant Marti 2016"]
[Site "Barcelona ESP"]
[Date "2016.07.15"]
[Round "3.18"]
[White "Garcia Lopez, Nicolas"]
[Black "Cruz, Filemon"]
[Result "1/2-1/2"]
[WhiteElo "2069"]
[BlackElo "2407"]
[PlyCount "32"]
[EventDate "2016.07.13"]
[EventType "swiss"]
[EventRounds "9"]
[EventCountry "ESP"]
[SourceTitle "Ajedrez en Madrid"]
[Source "lmi"]
[SourceDate "2016.07.13"]
[SourceVersion "1"]
[SourceVersionDate "2019.06.21"]
[SourceQuality "1"]

1. e4 c5 2. g3 Nc6 3. Bg2 g6 4. Ne2 Bg7 5. c3 e5 6. d3 Nge7 7. Be3 d6 8. O-O
O-O 9. f4 f5 10. Nd2 Kh8 11. Nf3 b6 12. Qd2 Qd7 13. Rad1 Ba6 14. b3 Rad8 15. c4
Nd4 16. Nc3 Nec6 1/2-1/2

[Event "18. Obert Int. Sant Marti 2016"]
[Site "Barcelona ESP"]
[Date "2016.07.15"]
[Round "3.19"]
[White "Molinero Martin, Joan"]
[Black "Anurag, Mhamal"]
[Result "0-1"]
[WhiteElo "1995"]
[BlackElo "2392"]
[PlyCount "66"]
[EventDate "2016.07.13"]
[EventType "swiss"]
[EventRounds "9"]
[EventCountry "ESP"]
[SourceTitle "Ajedrez en Madrid"]
[Source "lmi"]
[SourceDate "2016.07.13"]
[SourceVersion "1"]
[SourceVersionDate "2019.06.21"]
[SourceQuality "1"]

1. e4 c5 2. Nf3 a6 3. c3 d6 4. d4 Qc7 5. Bd3 g6 6. Be3 Bg7 7. dxc5 dxc5 8. Nbd2
Nf6 9. h3 O-O 10. Nf1 Rd8 11. Qe2 Nh5 12. Rd1 Nc6 13. g3 Be6 14. Bc4 Rxd1+ 15.
Kxd1 Rd8+ 16. Ke1 Bc8 17. g4 Nf4 18. Bxf4 Qxf4 19. Qe3 Qd6 20. N1d2 Ne5 21. Kf1
b5 22. Be2 Bb7 23. Nb3 c4 24. Nbd4 Qc5 25. Kg2 Nxf3 26. Bxf3 Bxd4 27. cxd4 Rxd4
28. Rd1 e5 29. h4 Qd6 30. Re1 Qf6 31. g5 Qe6 32. h5 gxh5 33. Rh1 Bxe4 0-1

[Event "18. Obert Int. Sant Marti 2016"]
[Site "Barcelona ESP"]
[Date "2016.07.15"]
[Round "3.20"]
[White "Meneses Gonzalez, Kevin Moises"]
[Black "Ivana Maria, Furtado"]
[Result "1/2-1/2"]
[WhiteElo "2379"]
[BlackElo "2188"]
[PlyCount "59"]
[EventDate "2016.07.13"]
[EventType "swiss"]
[EventRounds "9"]
[EventCountry "ESP"]
[SourceTitle "Ajedrez en Madrid"]
[Source "lmi"]
[SourceDate "2016.07.13"]
[SourceVersion "1"]
[SourceVersionDate "2019.06.21"]
[SourceQuality "1"]

1. d4 Nf6 2. Nf3 d5 3. c4 e6 4. Nc3 Bb4 5. Bg5 Nbd7 6. e3 c5 7. cxd5 exd5 8.
Bd3 Qa5 9. Qc2 c4 10. Bf5 O-O 11. O-O Re8 12. Nd2 g6 13. Bxd7 Nxd7 14. h4 Bxc3
15. bxc3 Nb6 16. f3 Qa4 17. Qc1 Bf5 18. Re1 Bd3 19. Nf1 Qc6 20. Ng3 f6 21. Bh6
Kf7 22. Bf4 Re7 23. Nh1 h6 24. Nf2 g5 25. Bg3 Bg6 26. Ng4 Kg7 27. a4 Rae8 28.
a5 Nc8 29. Ra2 Nd6 30. hxg5 1/2-1/2

[Event "18. Obert Int. Sant Marti 2016"]
[Site "Barcelona ESP"]
[Date "2016.07.15"]
[Round "3.21"]
[White "Kunal, Kakumanu"]
[Black "Lorenzo De La Riva, Lazaro"]
[Result "0-1"]
[WhiteElo "1903"]
[BlackElo "2370"]
[PlyCount "72"]
[EventDate "2016.07.13"]
[EventType "swiss"]
[EventRounds "9"]
[EventCountry "ESP"]
[SourceTitle "Ajedrez en Madrid"]
[Source "lmi"]
[SourceDate "2016.07.13"]
[SourceVersion "1"]
[SourceVersionDate "2019.06.21"]
[SourceQuality "1"]

1. e4 c5 2. Nf3 a6 3. c3 d5 4. exd5 Qxd5 5. d4 Nf6 6. Be2 e6 7. O-O Nc6 8. Be3
cxd4 9. cxd4 Qd6 10. Nc3 Be7 11. Qd2 O-O 12. Bf4 Qd8 13. Rfd1 Nb4 14. Ne5 Nbd5
15. Bg3 Nxc3 16. bxc3 Ne4 17. Qe3 Nxg3 18. hxg3 Qc7 19. f3 Bd6 20. f4 b5 21.
Bd3 Bb7 22. Kf2 Bxe5 23. dxe5 Qc6 24. Qf3 Qc5+ 25. Qe3 Qxe3+ 26. Kxe3 Rac8 27.
Rdc1 Bxg2 28. a4 Rc5 29. axb5 axb5 30. Ra5 Rb8 31. c4 Rcc8 32. Rc2 bxc4 33.
Rxg2 Rb3 34. Rd2 h5 35. Ke2 cxd3+ 36. Rxd3 Rc2+ 0-1

[Event "18. Obert Int. Sant Marti 2016"]
[Site "Barcelona ESP"]
[Date "2016.07.15"]
[Round "3.22"]
[White "Niraj, Saripalli"]
[Black "Ortiz Suarez, Isan Reynaldo"]
[Result "0-1"]
[WhiteElo "2140"]
[BlackElo "2580"]
[PlyCount "52"]
[EventDate "2016.07.13"]
[EventType "swiss"]
[EventRounds "9"]
[EventCountry "ESP"]
[SourceTitle "Ajedrez en Madrid"]
[Source "lmi"]
[SourceDate "2016.07.13"]
[SourceVersion "1"]
[SourceVersionDate "2019.06.21"]
[SourceQuality "1"]

1. e4 c5 2. Nf3 d6 3. Bb5+ Nd7 4. d4 cxd4 5. Qxd4 a6 6. Bxd7+ Bxd7 7. c4 Nf6 8.
Nc3 g6 9. Bg5 Bg7 10. Nd5 O-O 11. Bxf6 exf6 12. Nb6 f5 13. Qxd6 Bc6 14. Qxd8
Raxd8 15. e5 Bxf3 16. gxf3 Bxe5 17. Nd5 b5 18. O-O-O bxc4 19. Rhe1 Bg7 20. Re7
Rb8 21. Nc3 Rb6 22. Rdd7 Bf6 23. Re2 Bxc3 24. bxc3 Rfb8 25. Rd4 Rb1+ 26. Kd2
Ra1 0-1

[Event "18. Obert Int. Sant Marti 2016"]
[Site "Barcelona ESP"]
[Date "2016.07.15"]
[Round "3.23"]
[White "Vassallo Barroche, Mauricio"]
[Black "Valls Marti, Artur"]
[Result "1-0"]
[WhiteElo "2389"]
[BlackElo "2133"]
[PlyCount "81"]
[EventDate "2016.07.13"]
[EventType "swiss"]
[EventRounds "9"]
[EventCountry "ESP"]
[SourceTitle "Ajedrez en Madrid"]
[Source "lmi"]
[SourceDate "2016.07.13"]
[SourceVersion "1"]
[SourceVersionDate "2019.06.21"]
[SourceQuality "1"]

1. d4 Nf6 2. c4 e6 3. Nf3 b6 4. e3 Bb7 5. Bd3 d6 6. O-O Nbd7 7. Nc3 Be7 8. e4
c5 9. d5 e5 10. g3 h5 11. Nh4 Ng4 12. Nf5 g6 13. Nxe7 Qxe7 14. f3 Nh6 15. Nb5
Kf8 16. Be3 Kg7 17. Qd2 a6 18. Nc3 f6 19. a3 Nf7 20. b4 Rhb8 21. Rab1 Bc8 22.
f4 Nf8 23. f5 Bd7 24. Qd1 Nh7 25. fxg6 Kxg6 26. Be2 Rg8 27. Bxh5+ Kg7 28. bxc5
bxc5 29. Bg4 Rab8 30. Bf5 Rxb1 31. Qxb1 Bxf5 32. Rxf5 Nh6 33. Bxh6+ Kxh6 34.
Nd1 Qc7 35. Ne3 Kg6 36. Rf1 Qa5 37. Nf5 Qxa3 38. Qd1 Ng5 39. h4 Nxe4 40. Qg4+
Kf7 41. Nh6+ 1-0

[Event "18. Obert Int. Sant Marti 2016"]
[Site "Barcelona ESP"]
[Date "2016.07.15"]
[Round "3.24"]
[White "Harikrishnan.A.Ra"]
[Black "Hernando Rodrigo, Julio Antoni"]
[Result "1-0"]
[WhiteElo "2138"]
[BlackElo "2333"]
[PlyCount "101"]
[EventDate "2016.07.13"]
[EventType "swiss"]
[EventRounds "9"]
[EventCountry "ESP"]
[SourceTitle "Ajedrez en Madrid"]
[Source "lmi"]
[SourceDate "2016.07.13"]
[SourceVersion "1"]
[SourceVersionDate "2019.06.21"]
[SourceQuality "1"]

1. e4 e6 2. d4 d5 3. Nc3 Bb4 4. e5 c5 5. a3 Bxc3+ 6. bxc3 Ne7 7. a4 Nbc6 8. Nf3
Qa5 9. Bd2 Bd7 10. Bb5 c4 11. O-O h6 12. Qb1 O-O 13. Bxc6 Nxc6 14. Qc1 Kh7 15.
Nh4 g5 16. Nf3 f6 17. exf6 Rxf6 18. Qa3 Qc7 19. Rae1 Rg8 20. Ne5 Nxe5 21. Rxe5
Rg7 22. Rfe1 Qa5 23. Ra1 Be8 24. Qb4 Qc7 25. Rae1 a5 26. Qa3 Qc6 27. Ra1 Bg6
28. Qa2 b6 29. f3 Rb7 30. Be1 b5 31. axb5 Rxb5 32. h4 g4 33. fxg4 Qb7 34. g5
hxg5 35. hxg5 Rf7 36. Rxe6 Rb2 37. Qa4 Rxc2 38. Rxg6 Qb2 39. Rh6+ Kg7 40. Rg6+
Kxg6 41. Qc6+ Kg7 42. Qh6+ Kg8 43. Qg6+ Kf8 44. Qd6+ Ke8 45. Qe6+ Kf8 46. Qd6+
Ke8 47. Qe6+ Kd8 48. Qxd5+ Rd7 49. Qxa5+ Kc8 50. Qc5+ Rc7 51. Ra8+ 1-0

[Event "18. Obert Int. Sant Marti 2016"]
[Site "Barcelona ESP"]
[Date "2016.07.15"]
[Round "3.25"]
[White "Lillo Castany, Victor"]
[Black "Martin Perez, Laura"]
[Result "1-0"]
[WhiteElo "2312"]
[BlackElo "2104"]
[PlyCount "87"]
[EventDate "2016.07.13"]
[EventType "swiss"]
[EventRounds "9"]
[EventCountry "ESP"]
[SourceTitle "Ajedrez en Madrid"]
[Source "lmi"]
[SourceDate "2016.07.13"]
[SourceVersion "1"]
[SourceVersionDate "2019.06.21"]
[SourceQuality "1"]

1. e4 e5 2. Nf3 Nc6 3. Bb5 a6 4. Ba4 Nf6 5. d3 b5 6. Bb3 Be7 7. a4 Rb8 8. axb5
axb5 9. O-O O-O 10. Nc3 d6 11. Nd5 h6 12. Be3 Re8 13. h3 Bf8 14. Qd2 Be6 15.
Nxf6+ Qxf6 16. Bxe6 Qxe6 17. Qc3 Qd7 18. Ra6 Nd8 19. b4 g6 20. Qd2 Kh7 21. Nh2
g5 22. Rfa1 Be7 23. Nf1 f5 24. exf5 Qxf5 25. Ng3 Qg6 26. Qe2 Ne6 27. Qg4 Bf6
28. R1a5 Bh8 29. Qf3 Rf8 30. Qd5 Qe8 31. Ra7 Bg7 32. Ne4 Rf7 33. Nc3 Nd4 34.
Qe4+ Kg8 35. Bxd4 exd4 36. Ra8 Re7 37. Qd5+ Kh7 38. Rxb8 Qxb8 39. Ra8 Qxa8 40.
Qxa8 dxc3 41. Kf1 Kg6 42. Qc6 Bf6 43. Qxb5 Bg7 44. Qc4 1-0

[Event "18. Obert Int. Sant Marti 2016"]
[Site "Barcelona ESP"]
[Date "2016.07.15"]
[Round "3.26"]
[White "Jimenez Ruano, Adrian"]
[Black "Teichmann, Erik O M C"]
[Result "1-0"]
[WhiteElo "2089"]
[BlackElo "2312"]
[PlyCount "47"]
[EventDate "2016.07.13"]
[EventType "swiss"]
[EventRounds "9"]
[EventCountry "ESP"]
[SourceTitle "Ajedrez en Madrid"]
[Source "lmi"]
[SourceDate "2016.07.13"]
[SourceVersion "1"]
[SourceVersionDate "2019.06.21"]
[SourceQuality "1"]

1. d4 Nf6 2. c4 Nc6 3. Nf3 d6 4. d5 Ne5 5. Nxe5 dxe5 6. Nc3 e6 7. e4 Be7 8. Be2
O-O 9. O-O exd5 10. cxd5 Ne8 11. f4 exf4 12. Bxf4 c6 13. Qd3 cxd5 14. Nxd5 Bc5+
15. Kh1 Be6 16. Rad1 Bxd5 17. exd5 Bd6 18. Bd2 Qh4 19. g3 Qa4 20. Bc3 Rc8 21.
Qf5 Rc7 22. Rd4 Qd7 23. Qh5 g6 24. Qxh7+ 1-0

[Event "18. Obert Int. Sant Marti 2016"]
[Site "Barcelona ESP"]
[Date "2016.07.15"]
[Round "3.27"]
[White "Dalo, Hermes"]
[Black "Prieto, Ernesto"]
[Result "1-0"]
[WhiteElo "2282"]
[BlackElo "2064"]
[PlyCount "65"]
[EventDate "2016.07.13"]
[EventType "swiss"]
[EventRounds "9"]
[EventCountry "ESP"]
[SourceTitle "Ajedrez en Madrid"]
[Source "lmi"]
[SourceDate "2016.07.13"]
[SourceVersion "1"]
[SourceVersionDate "2019.06.21"]
[SourceQuality "1"]

1. Nf3 Nf6 2. c4 g6 3. Nc3 d5 4. cxd5 Nxd5 5. Qc2 Nb6 6. d4 Bg7 7. e4 O-O 8.
Be3 Bg4 9. Ne5 Be6 10. Rd1 Qc8 11. b3 c5 12. f4 cxd4 13. Bxd4 f6 14. Nd3 Nc6
15. Be3 Bg4 16. Rd2 e5 17. Nb5 exf4 18. Nxf4 f5 19. Nd6 Qd7 20. Nxf5 Qc7 21.
Bc4+ Kh8 22. Nxg7 Qxg7 23. O-O Nxc4 24. Qxc4 Rae8 25. Bc5 Rg8 26. Ba3 Ne5 27.
Qc1 h5 28. Bb2 Kh7 29. Qa1 Rgf8 30. Rd5 g5 31. Rxe5 Qc7 32. Rxe8 Rxe8 33. Nd5
1-0

[Event "18. Obert Int. Sant Marti 2016"]
[Site "Barcelona ESP"]
[Date "2016.07.15"]
[Round "3.28"]
[White "Garcia Trobat, Francisco"]
[Black "Guix Torres, David"]
[Result "1/2-1/2"]
[WhiteElo "2269"]
[BlackElo "2052"]
[PlyCount "204"]
[EventDate "2016.07.13"]
[EventType "swiss"]
[EventRounds "9"]
[EventCountry "ESP"]
[SourceTitle "Ajedrez en Madrid"]
[Source "lmi"]
[SourceDate "2016.07.13"]
[SourceVersion "1"]
[SourceVersionDate "2019.06.21"]
[SourceQuality "1"]

1. e4 c5 2. Nf3 d6 3. d4 cxd4 4. Nxd4 Nf6 5. Nc3 g6 6. Be3 Bg7 7. f3 O-O 8. Qd2
Nc6 9. O-O-O Nxd4 10. Bxd4 Be6 11. Kb1 Qc7 12. h4 Rfc8 13. h5 Qa5 14. hxg6 hxg6
15. a3 Rab8 16. Bd3 b5 17. Qg5 Qc7 18. e5 dxe5 19. Qxe5 b4 20. Qxc7 Rxc7 21.
Nb5 Rd7 22. axb4 a6 23. Be5 Rxb5 24. Bxb5 axb5 25. Rxd7 Nxd7 26. Bxg7 Kxg7 27.
b3 Nb6 28. Kb2 Nd5 29. Ra1 Nxb4 30. Ra5 Bd7 31. Ra7 Be8 32. Rxe7 Kf8 33. Re2
Nd5 34. c4 bxc4 35. bxc4 Nf4 36. Rd2 Ke7 37. Kc3 Bd7 38. c5 Be6 39. Kd4 Nd5 40.
Ra2 Nc7 41. Rb2 Kd7 42. g4 f6 43. Rb6 Ke7 44. Rb1 Kd7 45. Rh1 Kc6 46. Rh6 Bf7
47. f4 Ne6+ 48. Ke3 Kxc5 49. f5 gxf5 50. Rxf6 fxg4 51. Rxf7 Kd6 52. Ra7 Ke5 53.
Ra5+ Kf6 54. Ke4 Ng5+ 55. Kf4 Ne6+ 56. Kxg4 Nd4 57. Rc5 Ne6 58. Rf5+ Kg6 59.
Rf1 Ng7 60. Rf8 Ne6 61. Ra8 Kf6 62. Ra5 Kg6 63. Rf5 Ng7 64. Ra5 Ne6 65. Re5 Kf6
66. Rf5+ Kg6 67. Rf1 Ng7 68. Kf4 Kf6 69. Ke4+ Ke6 70. Ra1 Kf6 71. Ra6+ Kg5 72.
Ke5 Nh5 73. Ra1 Nf6 74. Rg1+ Ng4+ 75. Ke4 Kh5 76. Kf4 Nh6 77. Rg7 Kh4 78. Rg5
Nf7 79. Ra5 Nh6 80. Rb5 Nf7 81. Rb1 Kh5 82. Rg1 Nh6 83. Rg5+ Kh4 84. Ra5 Nf7
85. Ra7 Nh6 86. Ra1 Kh5 87. Rg1 Nf7 88. Kf5 Nh6+ 89. Kf4 Nf7 90. Rg7 Nh6 91.
Rg5+ Kh4 92. Rb5 Nf7 93. Rb7 Nh6 94. Rh7 Kh5 95. Rg7 Kh4 96. Rg6 Kh5 97. Rg7
Kh4 98. Rg6 Kh5 99. Rf6 Ng8 100. Rf8 Nh6 101. Rh8 Kg6 102. Rxh6+ Kxh6 1/2-1/2

[Event "18. Obert Int. Sant Marti 2016"]
[Site "Barcelona ESP"]
[Date "2016.07.15"]
[Round "3.30"]
[White "Jove Grau, Lluis"]
[Black "Ibanez Aullana, Ramon"]
[Result "0-1"]
[WhiteElo "2077"]
[BlackElo "2258"]
[PlyCount "108"]
[EventDate "2016.07.13"]
[EventType "swiss"]
[EventRounds "9"]
[EventCountry "ESP"]
[SourceTitle "Ajedrez en Madrid"]
[Source "lmi"]
[SourceDate "2016.07.13"]
[SourceVersion "1"]
[SourceVersionDate "2019.06.21"]
[SourceQuality "1"]

1. d4 Nf6 2. Nf3 e6 3. c4 Bb4+ 4. Bd2 Qe7 5. a3 Bxd2+ 6. Qxd2 b6 7. g3 Ba6 8.
Qc2 c5 9. Bg2 Nc6 10. dxc5 bxc5 11. Qa4 Bb7 12. O-O O-O 13. Nc3 Rab8 14. e3 d6
15. Rfd1 Nd7 16. Ne4 Nb6 17. Qc2 Rfd8 18. Rab1 f5 19. Ned2 a5 20. b3 Qf6 21.
Rbc1 e5 22. Nb1 e4 23. Ne1 Ne5 24. Nc3 a4 25. Bf1 h5 26. Rb1 Qe6 27. Nxa4 Nxa4
28. bxa4 h4 29. Rb6 Bc6 30. a5 Ra8 31. a6 hxg3 32. hxg3 Qh6 33. Bg2 Qe6 34. Bf1
Kh7 35. Rdb1 Rd7 36. Qe2 Qf7 37. a4 Bxa4 38. Qa2 Bc6 39. Rb8 Raa7 40. R1b6 Qh5
41. Qb1 Rdc7 42. Rd8 Nf7 43. Rf8 Bd7 44. Qc2 Bc8 45. Be2 Qg5 46. Qd1 Qe7 47.
Rxc8 Rxc8 48. Qd5 Qe5 49. Rb7 Qxd5 50. cxd5 Rxb7 51. axb7 Rb8 52. g4 Rxb7 53.
gxf5 Rb1 54. Kf1 Ne5 0-1

[Event "18. Obert Int. Sant Marti 2016"]
[Site "Barcelona ESP"]
[Date "2016.07.15"]
[Round "3.31"]
[White "Masferrer Niubo, Enric"]
[Black "Lan, Zilun"]
[Result "0-1"]
[WhiteElo "2054"]
[BlackElo "2250"]
[PlyCount "60"]
[EventDate "2016.07.13"]
[EventType "swiss"]
[EventRounds "9"]
[EventCountry "ESP"]
[SourceTitle "Ajedrez en Madrid"]
[Source "lmi"]
[SourceDate "2016.07.13"]
[SourceVersion "1"]
[SourceVersionDate "2019.06.21"]
[SourceQuality "1"]

1. e4 c5 2. Nc3 e6 3. g3 d5 4. exd5 exd5 5. Bg2 d4 6. Qe2+ Ne7 7. Ne4 Qb6 8.
Qb5+ Qxb5 9. Nd6+ Kd8 10. Nxb5 Ng6 11. d3 Nc6 12. Bd2 a6 13. Bxc6 bxc6 14. Ba5+
Ke7 15. Na3 Be6 16. Ne2 Bd5 17. O-O Kf6 18. Nc4 Re8 19. Nf4 Nxf4 20. gxf4 Bxc4
21. dxc4 Bd6 22. Rfe1 Kf5 23. Kg2 Bxf4 24. Rxe8 Rxe8 25. Re1 Rxe1 26. Bxe1 Ke4
27. h3 d3 28. f3+ Ke3 29. Bf2+ Ke2 30. cxd3 Be3 0-1

[Event "18. Obert Int. Sant Marti 2016"]
[Site "Barcelona ESP"]
[Date "2016.07.15"]
[Round "3.32"]
[White "Gomez Jurado, Luis Alberto"]
[Black "Likhit, Chilukuri"]
[Result "1-0"]
[WhiteElo "2244"]
[BlackElo "2030"]
[PlyCount "123"]
[EventDate "2016.07.13"]
[EventType "swiss"]
[EventRounds "9"]
[EventCountry "ESP"]
[SourceTitle "Ajedrez en Madrid"]
[Source "lmi"]
[SourceDate "2016.07.13"]
[SourceVersion "1"]
[SourceVersionDate "2019.06.21"]
[SourceQuality "1"]

1. Nf3 Nf6 2. g3 g6 3. Bg2 Bg7 4. O-O O-O 5. c4 d6 6. Nc3 Nc6 7. Rb1 a5 8. a3
e5 9. d3 h6 10. b4 axb4 11. axb4 Be6 12. b5 Ne7 13. Bb2 Qd7 14. Ra1 Bh3 15. d4
Bxg2 16. Kxg2 exd4 17. Nxd4 d5 18. c5 Ne4 19. Nxe4 dxe4 20. Nc6 Qe6 21. Bxg7
Kxg7 22. Nxe7 Qxe7 23. Rxa8 Rxa8 24. Qd5 Rd8 25. Qxb7 Qxc5 26. Qxe4 Qxb5 27.
Rc1 Rd2 28. Rxc7 Rxe2 29. Qf3 Qe8 30. Rxf7+ Qxf7 31. Qxe2 h5 32. Qe5+ Kh7 33.
Qe4 Qd7 34. h3 Qf7 35. g4 hxg4 36. hxg4 Qd7 37. Kg3 Qd6+ 38. f4 Qc5 39. Kh4 Kh6
40. g5+ Kh7 41. Qb7+ Kg8 42. Qb8+ Kh7 43. Qb7+ Kg8 44. Qb3+ Kg7 45. Qb2+ Kh7
46. Qe2 Qa7 47. Kg4 Qd7+ 48. Kf3 Qh3+ 49. Kf2 Qh2+ 50. Ke3 Qg1+ 51. Ke4 Qb1+
52. Qd3 Qb7+ 53. Qd5 Qb1+ 54. Kd4 Qb2+ 55. Kc5 Qc1+ 56. Qc4 Qe3+ 57. Kd6 Qb6+
58. Kd7 Qb7+ 59. Qc7 Qe4 60. Kd6+ Kg8 61. Qd8+ Kf7 62. Qf6+ 1-0

[Event "18. Obert Int. Sant Marti 2016"]
[Site "Barcelona ESP"]
[Date "2016.07.15"]
[Round "3.33"]
[White "Asensio Linan, Teodoro"]
[Black "Coll Ortega, Jordi"]
[Result "0-1"]
[WhiteElo "2050"]
[BlackElo "2243"]
[PlyCount "88"]
[EventDate "2016.07.13"]
[EventType "swiss"]
[EventRounds "9"]
[EventCountry "ESP"]
[SourceTitle "Ajedrez en Madrid"]
[Source "lmi"]
[SourceDate "2016.07.13"]
[SourceVersion "1"]
[SourceVersionDate "2019.06.21"]
[SourceQuality "1"]

1. c4 e5 2. Nc3 Nc6 3. g3 Bc5 4. Bg2 a6 5. e3 d6 6. Nge2 Ba7 7. d4 exd4 8. exd4
Nge7 9. O-O Nf5 10. b4 O-O 11. Bxc6 bxc6 12. c5 a5 13. a3 Qf6 14. Ne4 Qe6 15.
Ng5 Qc4 16. Be3 h6 17. Rc1 Qd5 18. Nc3 Nxe3 19. Nxd5 Nxd1 20. Ne7+ Kh8 21. Nxc6
hxg5 22. Rfxd1 Bd7 23. Nxa5 d5 24. Re1 Rfe8 25. Kg2 Ba4 26. f4 gxf4 27. gxf4 f6
28. Kf3 Kg8 29. f5 Kf7 30. Kf4 c6 31. Kf3 Rac8 32. Nb7 Bb8 33. h3 Bc7 34. Nd6+
Bxd6 35. cxd6 Rcd8 36. Rg1 Rxd6 37. Rc5 Ra8 38. Rgc1 Bb5 39. R5c3 Rdd8 40. Rg1
Rh8 41. Kf2 Rh5 42. Rf3 Re8 43. Rd1 Re2+ 44. Kg3 Rg5+ 0-1

[Event "18. Obert Int. Sant Marti 2016"]
[Site "Barcelona ESP"]
[Date "2016.07.15"]
[Round "3.34"]
[White "Martinez Lopez, Ivan"]
[Black "Bielecki, Pawel"]
[Result "1-0"]
[WhiteElo "2242"]
[BlackElo "2023"]
[PlyCount "55"]
[EventDate "2016.07.13"]
[EventType "swiss"]
[EventRounds "9"]
[EventCountry "ESP"]
[SourceTitle "Ajedrez en Madrid"]
[Source "lmi"]
[SourceDate "2016.07.13"]
[SourceVersion "1"]
[SourceVersionDate "2019.06.21"]
[SourceQuality "1"]

1. c4 Nf6 2. g3 g6 3. Bg2 Bg7 4. Nc3 d6 5. e4 O-O 6. Nge2 e5 7. O-O Nc6 8. d3
h6 9. h3 Kh7 10. Nd5 Nxd5 11. cxd5 Ne7 12. d4 c6 13. Be3 cxd5 14. dxe5 Bxe5 15.
Qd2 dxe4 16. Bxh6 Re8 17. Rfd1 Nf5 18. Bf4 Bxf4 19. Qxf4 Qe7 20. Nc3 e3 21. Nd5
exf2+ 22. Qxf2 Qe2 23. Nf6+ Kg7 24. Nxe8+ Qxe8 25. g4 Nh6 26. Rxd6 Qe7 27. Qd4+
Kh7 28. Rd8 1-0